[Event "Hamburg-ch Seniors 21st"]
[Site "Hamburg"]
[Date "2014.10.31"]
[Round "4"]
[White "Ludwig, Siegfried"]
[Black "Paul, Wolfgang"]
[Result "1-0"]
[WhiteElo "1460"]
[BlackElo "1732"]
[PlyCount "45"]
[EventDate "2014.10.29"]
[EventType "swiss"]
[EventRounds "9"]
[EventCountry "GER"]
[SourceTitle "EXT 2018"]
[Source "ChessBase"]
[SourceDate "2017.10.13"]
[SourceVersion "1"]
[SourceVersionDate "2017.10.13"]
[SourceQuality "1"]

1. e4 c5 2. Bc4 Nc6 3. Nc3 Nf6 4. d3 Na5 5. Nf3 Nxc4 6. dxc4 d6 7. h3 e5 8. Bg5 Be6 9. Qd3 a6 10. 0-0 Qc7 11. Rad1 Be7 12. a3 Rd8 13. Bxf6 gxf6 14. Nd5 Bxd5 15. Qxd5 0-0 16. Nh4 Qd7 17. Nf5 Kh8 18. Rd3 Rde8 19. Rg3 Qe6 20. Qxb7 Qxc4 21. Nxe7 Rb8 22. Qd5 Qxc2 23. Qxd6 1-0

[Event "Hamburg-ch Seniors 21st"]
[Site "Hamburg"]
[Date "2014.10.29"]
[Round "1"]
[White "Paul, Wolfgang"]
[Black "Wichmann, Dieter"]
[Result "1-0"]
[WhiteElo "1732"]
[BlackElo "1380"]
[PlyCount "78"]
[EventDate "2014.10.29"]
[EventType "swiss"]
[EventRounds "9"]
[EventCountry "GER"]
[SourceTitle "EXT 2018"]
[Source "ChessBase"]
[SourceDate "2017.10.13"]
[SourceVersion "1"]
[SourceVersionDate "2017.10.13"]
[SourceQuality "1"]

1. e4 d5 2. exd5 Qxd5 3. d4 Nf6 4. c4 Qe4+ 5. Be3 Bg4 6. Qa4+ Nbd7 7. Nc3 Qf5 8. h3 Qh5 9. f3 Be6 10. g4 Qh4+ 11. Bf2 Qg5 12. Nge2 h5 13. h4 Qg6 14. Nf4 Qh7 15. Bd3 g6 16. g5 Ng8 17. Ne4 a6 18. Nc5 0-0-0 19. Ncxe6 fxe6 20. Nxe6 Nb6 21. Qa5 Rd6 22. d5 Qf7 23. Be4 Rxe6 24. dxe6 Qxe6 25. Rc1 Bg7 26. Qb4 Be5 27. a4 Bd6 28. c5 Nd5 29. Qc4 c6 30. cxd6 exd6 31. Kd2 Nge7 32. Rhe1 Qe5 33. Bxd5 Qxb2+ 34. Rc2 Qg7 35. Bb6 Rf8 36. Rxe7 Qxe7 37. Bxc6 bxc6 38. Qxa6+ Kd7 39. Qa7+ Ke6 1-0